[Event "St Petersburg Korchnoi Memorial op"]
[Site "St Petersburg"]
[Date "2023.08.19"]
[Round "2"]
[White "Dorokhina, Elizaveta"]
[Black "Lezina, Anna"]
[Result "1-0"]
[WhiteElo "2082"]
[BlackElo "1659"]
[PlyCount "49"]
[EventDate "2023.08.18"]
[EventType "swiss"]
[EventRounds "9"]
[EventCountry "RUS"]
[SourceTitle "EXT 2024"]
[Source "ChessBase"]
[SourceDate "2023.10.10"]
[SourceVersion "1"]
[SourceVersionDate "2023.10.10"]
[SourceQuality "1"]

1. e4 Nf6 2. e5 Nd5 3. d4 d6 4. c4 Nb6 5. exd6 exd6 6. Nc3 Nc6 7. Be3 Be7 8. Bd3 Bf6 9. Nge2 Bg4 10. f3 Bh5 11. b3 Qe7 12. Be4 0-0-0 13. 0-0 Bg6 14. Qd2 Rhe8 15. Nf4 Bg5 16. Kh1 Bxf4 17. Bxf4 Qd7 18. a4 f5 19. Bxc6 Qxc6 20. Bg5 d5 21. Bxd8 Rxd8 22. a5 Nd7 23. Nxd5 Kb8 24. Rfe1 Bf7 25. Qg5 1-0

[Event "RUS-chT (Women)"]
[Site "Sochi"]
[Date "2020.11.25"]
[Round "6.3"]
[White "Yurasova, Daria"]
[Black "Dorokhina, Elizaveta"]
[Result "1-0"]
[WhiteElo "2075"]
[BlackElo "1824"]
[PlyCount "95"]
[EventDate "2020.11.19"]
[EventType "team-swiss"]
[EventRounds "9"]
[EventCountry "RUS"]
[SourceTitle "CBM 199 Extra"]
[Source "ChessBase"]
[SourceDate "2021.01.31"]
[SourceVersion "1"]
[SourceVersionDate "2021.01.31"]
[SourceQuality "1"]
[WhiteTeam "St Petersburg SHSH (W) II"]
[BlackTeam "Belgorodsk Region (W)"]
[WhiteTeamCountry "RUS"]
[BlackTeamCountry "RUS"]

1. c4 c5 2. Nf3 g6 3. g3 Bg7 4. Bg2 Nf6 5. d4 0-0 6. 0-0 cxd4 7. Nxd4 Nc6 8. Nc3 Qb6 9. Nc2 d6 10. b3 Qa5 11. Nb5 Ng4 12. Bd2 Qd8 13. Rb1 Be6 14. Nc3 Qd7 15. Nd5 Bxd5 16. Bxd5 Rac8 17. Bg2 f5 18. Ne3 Nxe3 19. Bxe3 e5 20. Qd5+ Kh8 21. Rbd1 f4 22. Bc5 Qf5 23. Bxd6 Rfd8 24. c5 Nd4 25. Rxd4 exd4 26. Qxf5 gxf5 27. Bxb7 Rxd6 28. cxd6 Rd8 29. Rc1 fxg3 30. hxg3 Be5 31. Rc5 Bxd6 32. Rxf5 Kg7 33. Be4 Re8 34. Bd3 Re5 35. Rf4 Bc5 36. Rg4+ Kf6 37. Kf1 h5 38. Rg6+ Kf7 39. Rh6 Kg7 40. Rh7+ Kf6 41. Kg2 Bb6 42. b4 Rd5 43. a4 Kg5 44. a5 Bd8 45. Rxa7 Bf6 46. Rh7 Rd8 47. f4+ Kg4 48. Rh6 1-0